Подробности
| 000 -МАРКЕР |
| контрольное поле |
02709nam0a2200349 4500 |
| 001 - ИДЕНТИФИКАТОР ЗАПИСИ |
| контрольное поле |
RU\NLR\bibl\1277592 |
| 005 - ИДЕНТИФИКАТОР ВЕРСИИ |
| контрольное поле |
20250615140117.0 |
| 010 ## - МЕЖДУНАРОДНЫЙ СТАНДАРТНЫЙ НОМЕР КНИГИ (ISBN) |
| Номер (ISBN) |
978-5-98281-132-5 |
| Тираж |
3000 |
| 035 ## - ДРУГИЕ СИСТЕМНЫЕ НОМЕРА |
| Идентификатор записи |
(NLR Aleph) 001263397 |
| 100 ## - ДАННЫЕ ОБЩЕЙ ОБРАБОТКИ |
| Данные общей обработки |
20080925d2008 |||y0rusy50 ca |
| 101 0# - ЯЗЫК РЕСУРСА |
| Язык текста, звукозаписи и т.д. |
русский |
| 102 ## - СТРАНА ПУБЛИКАЦИИ ИЛИ ПРОИЗВОДСТВА |
| Страна публикации |
Российская Федерация |
| 105 ## - ПОЛЕ КОДИРОВАННЫХ ДАННЫХ: ТЕКСТОВЫЕ МАТЕРИАЛЫ, МОНОГРАФИЧЕСКИЕ |
| Кодированные данные о монографическом текстовом документе |
a ||||||||| |
| 200 1# - ЗАГЛАВИЕ И СВЕДЕНИЯ ОБ ОТВЕТСТВЕННОСТИ |
| Основное заглавие |
Расчеты машин и аппаратов химическмх производств и нефтегазопереработки (примеры и задачи) |
| Сведения, относящиеся к заглавию |
учебное пособие для студентов высших учебных заведений, обучающихся по специальности "Машины и аппараты химических производств" направления "Энерго- и ресурсосберегающие процессы в химической технологии, нефтехимиии и биотехнологии" и специальности "Оборудование нефтегазопереработки" направления "Оборудование и агрегаты нефтегазового производства" |
| Первые сведения об ответственности |
И.И. Поникаров, С.И. Поникаров, С.В. Рачковский |
| 210 ## - ПУБЛИКАЦИЯ, РАСПРОСТРАНЕНИЕ И ДР. |
| Место издания, распространения и т.д. |
Москва |
| Имя издателя, распространителя и т. д. |
Альфа-М |
| Дата издания, распространения и т.д. |
2008 |
| 215 ## - ФИЗИЧЕСКАЯ ХАРАКТЕРИСТИКА |
| Специфическое обозначение материала и объем |
717 с. |
| Другие сведения о физической характеристике |
ил. |
| Размеры |
22 |
| 300 ## - ОБЩИЕ ПРИМЕЧАНИЯ |
| Текст примечания |
На 3-й с. авт.: д.т.н., засл. деятель науки и техники РФ, проф. И.И. Поникаров, д.т.н., проф. С.И. Поникаров, к.т.н., доц. С.В. Рачковский |
| 320 ## - ПРИМЕЧАНИЯ О НАЛИЧИИ В ДОКУМЕНТЕ БИБЛИОГРАФИИ / УКАЗАТЕЛЯ |
| Текст примечания |
Библиогр.: с. 712-713 |
| 606 1# - НАИМЕНОВАНИЕ ТЕМЫ КАК ПРЕДМЕТ |
| Наименование темы |
Химическое оборудование |
| Формальный подзаголовок |
Учебные издания для высших учебных заведений |
| Тематический подзаголовок |
Расчет |
| Системный номер авторитетной/нормативной записи |
2536186 |
| Идентификатор авторитетной/нормативной записи |
RU\NLR\auth\661501889 |
| 606 1# - НАИМЕНОВАНИЕ ТЕМЫ КАК ПРЕДМЕТ |
| Наименование темы |
Нефтеперерабатывающие заводы |
| Формальный подзаголовок |
Учебные издания для высших учебных заведений |
| Тематический подзаголовок |
Оборудование |
| -- |
Расчет |
| Системный номер авторитетной/нормативной записи |
2536189 |
| Идентификатор авторитетной/нормативной записи |
RU\NLR\auth\661501891 |
| 606 1# - НАИМЕНОВАНИЕ ТЕМЫ КАК ПРЕДМЕТ |
| Наименование темы |
Естественные газы |
| Формальный подзаголовок |
Учебные издания для высших учебных заведений |
| Тематический подзаголовок |
Переработка |
| -- |
Оборудование |
| -- |
Расчет |
| Системный номер авторитетной/нормативной записи |
2536188 |
| Идентификатор авторитетной/нормативной записи |
RU\NLR\auth\661501890 |
| 686 ## - ИНДЕКСЫ ДРУГИХ КЛАССИФИКАЦИЙ |
| Индекс |
Л11-5-02я73-1 |
| 686 ## - ИНДЕКСЫ ДРУГИХ КЛАССИФИКАЦИЙ |
| Индекс |
Л54-5-02я73-1 |
| 700 #1 - ИМЯ ЛИЦА - ПЕРВИЧНАЯ ОТВЕТСТВЕННОСТЬ |
| Начальный элемент ввода |
Поникаров |
| Часть имени, кроме начального элемента ввода |
И. И. |
| Расширение инициалов личного имени |
Иван Ильич |
| Код отношения |
Автор |
| 701 #1 - ИМЯ ЛИЦА - АЛЬТЕРНАТИВНАЯ ОТВЕТСТВЕННОСТЬ |
| Начальный элемент ввода |
Поникаров |
| Часть имени, кроме начального элемента ввода |
С. И. |
| Расширение инициалов личного имени |
Сергей Иванович |
| Код отношения |
Автор |
| 701 #1 - ИМЯ ЛИЦА - АЛЬТЕРНАТИВНАЯ ОТВЕТСТВЕННОСТЬ |
| Начальный элемент ввода |
Рачковский |
| Часть имени, кроме начального элемента ввода |
С. В. |
| Расширение инициалов личного имени |
Сергей Викторович |
| Код отношения |
Автор |
| 801 #0 - ИСТОЧНИК ЗАПИСИ |
| Страна |
Российская Федерация |
| Организация |
NLR |
| Дата составления |
20080925 |
| Правила каталогизации |
RCR |
| 801 #1 - ИСТОЧНИК ЗАПИСИ |
| Страна |
Российская Федерация |
| Организация |
NLR |
| Дата составления |
20080925 |
| 942 ## - ДОПОЛНИТЕЛЬНЫЕ ЭЛЕМЕНТЫ ЗАПИСИ (АБИС) |
| Тип экземпляра АБИС |
Книга |
| 980 ## - КОЛЛЕКЦИЯ |
| Название коллекции |
Национальная библиография |